|
|
|
|
| LEADER |
00000nam0a2200000 4500 |
| 001 |
261361 |
| 005 |
20231101233546.0 |
| 010 |
|
|
|a 5268004034
|
| 035 |
|
|
|a (RuTPU)RU\TPU\book\284339
|
| 090 |
|
|
|a 261361
|
| 100 |
|
|
|a 20140522d1988 km y0rusy50 ca
|
| 101 |
0 |
|
|a rus
|
| 102 |
|
|
|a RU
|
| 105 |
|
|
|a a z 000zb
|
| 200 |
1 |
|
|a На перекрестках встреч
|e очерки
|f Л. Г. Зыкина
|
| 205 |
|
|
|a 2-е изд., доп.
|
| 210 |
|
|
|a Москва
|c Советская Россия
|d 1988
|
| 215 |
|
|
|a 336 с.
|c ил.
|
| 600 |
|
1 |
|a Зыкина
|b Л. Г.
|c советская эстрадная певица
|f 1929-2009
|g Людмила Георгиевна
|2 stltpush
|3 (RuTPU)RU\TPU\pers\34502
|
| 606 |
1 |
|
|a Вокальная музыка
|2 stltpush
|3 (RuTPU)RU\TPU\subj\3505
|9 31908
|
| 610 |
1 |
|
|a искусство
|
| 610 |
1 |
|
|a вокальное искусство
|
| 610 |
1 |
|
|a певцы
|
| 610 |
1 |
|
|a певческое искусство
|
| 610 |
1 |
|
|a СССР
|
| 610 |
1 |
|
|a 20 век
|
| 675 |
|
|
|a 784
|v 3
|
| 700 |
|
1 |
|a Зыкина
|b Л. Г.
|g Людмила Георгиевна
|
| 801 |
|
1 |
|a RU
|b 63413507
|c 20140522
|
| 801 |
|
2 |
|a RU
|b 63413507
|c 20150507
|g RCR
|
| 942 |
|
|
|c BK
|